Metallica Lyrics – #9: Seek & Destroy - Statistics

General Stats
  • This quiz has been taken 51 times
  • The average score is 76 of 122
Answer Stats
Answer % Correct
a
100%
an
95%
and
92%
And
92%
destroy
92%
seek
92%
you
87%
You
87%
Searchin',
85%
the
85%
for
79%
we
79%
deaths
77%
thousand
77%
to
77%
city
74%
fight
74%
in
74%
on
74%
start
74%
way
74%
will
74%
Dyin',
72%
lookin'
72%
our
72%
Our
72%
runnin'
72%
Runnin',
72%
tonight
72%
up
72%
There
69%
Hidin',
67%
is
67%
no
67%
one
67%
scannin'
64%
scene
64%
We're
64%
evil
59%
it
59%
There's
56%
feelin'
54%
feeling
54%
thing
54%
escape
51%
go
51%
sure
51%
that's
51%
you're
51%
any
49%
are
49%
brains
49%
kill
49%
know
49%
minds
49%
nothin'
49%
drives
46%
givin'
46%
insane
46%
more
46%
won't
46%
away
44%
end,
44%
new
44%
now
44%
only
44%
take
44%
This
44%
us
44%
always
41%
dreams
41%
live
41%
takin'
41%
until
41%
world
41%
been
38%
'cause
38%
Don't
38%
find
38%
goodbye
38%
it's
38%
Say
38%
try
38%
fulfilled
36%
with
36%
But
33%
pay
33%
fire
31%
No matching quizzes found
Score Distribution
Percent of People with Each Score
Percentile by Number Answered
Your Score History
You have not taken this quiz